000 01918nam a2200457 c 4500
999 _c51344
_d51344
001 51344
003 ES-MaCES
005 20191025114627.0
007 cr |||||||||||
008 191015s2017 sp | r o000 | spa d
040 _aES-MaCES
_bspa
_cES-MaCES
041 0 _aspa
_aeng
100 1 _939641
_aElias Andreu, Marina
245 1 1 _a¿Cómo deciden los jóvenes la transición a la educación postobligatoria?
_hRecurso electrónico
_b: diferencias entre centros públicos y privados-concertados = How do young people decide about the transition to Secondary Post-Compulsory education? : differences between state and private schools
_cMarina Elias Andreu, Lidia Daza Pérez
260 _a[S.l.]
_bASE
_c2017
300 _a1 documento pdf
_c(517 kb)
500 _aEn : Revista de la Asociación de Sociología de la Educación (RASE). - Vol. 10, nº 1 (2017). - P. 5-22
500 _aResumen en español e inglés
504 _aBibliografía: p. 20-22
541 _cGratuito
650 4 _ajuventud
_928522
650 4 _aalumno
_927439
650 4 _aenseñanza obligatoria
_927365
650 4 _aescuela secundaria
_927428
650 4 _aenseñanza pública
_927385
650 4 _asector privado
_927147
650 4 _aorientación profesional
_927465
650 4 _aelección de profesión
_928318
650 4 _aplanificación de carrera
_929406
650 4 _ainformación profesional
_929323
650 4 _anecesidades de formación
_929275
650 4 _aEspaña
_926964
650 4 _ainvestigación sociológica
_927260
653 1 0 _aEducación
700 1 _939642
_aDaza Pérez, Lidia
710 2 _939643
_aAsociación de Sociología de la Educación
_eed.
740 0 2 _aRevista de la Asociación de Sociología de la Educación (RASE)
856 4 _uhttp://biblioteca.ces.es/repintra/B51344.pdf
_ytexto completo
_z[intranet]
902 _aELE PUB. ELECTRONICA
942 _2CES
_cBK
_h4.0.